|
|
|
|
| LEADER |
00000nam2a2200000 4500 |
| 001 |
290831 |
| 005 |
20241029161637.0 |
| 010 |
|
|
|a 9785397022880
|
| 035 |
|
|
|a (RuTPU)RU\TPU\book\315389
|
| 090 |
|
|
|a 290831
|
| 100 |
|
|
|a 20150409d2012 km y0rusy50 ca
|
| 101 |
0 |
|
|a rus
|
| 102 |
|
|
|a RU
|
| 105 |
|
|
|a a g 001zy
|
| 200 |
0 |
|
|a Т. 5 : Дифференциальные уравнения в примерах и задачах. Ч. 1 : Дифференциальные уравнения первого порядка
|f А. К. Боярчук, Г. П. Головач
|
| 205 |
|
|
|a 7-е изд.
|
| 210 |
|
|
|c Либроком
|d 2012
|
| 215 |
|
|
|a 237 с.
|c ил.
|
| 320 |
|
|
|a Предметный указатель: с. 236-237.
|
| 330 |
|
|
|a Предлагаемое читателю «Справочное пособие по высшей математике» охватывает почти все разделы высшей математики. В пятом томе «Дифференциальные уравнения в примерах и задачах» наряду с минимальными теоретическими сведениями содержится более 750 детально разобранных примеров, в том числе повышенной сложности. Читателю также предлагается свыше 300 упражнений с ответами для самоконтроля. Среди вопросов, нестандартных для такого рода пособий, следует отметить примеры по теории продолжимости решения задачи Коши, нелинейным уравнениям в частных производных первого порядка, некоторым численным методам решения дифференциальных уравнений.В настоящей книге — первой части пятого тома — исследуются дифференциальные уравнения первого порядка. Книга содержит более 250 задач с подробными решениями.Пособие предназначено для студентов, преподавателей и работников физико-математических, экономических и инженерно-технических специальностей, специалистов по прикладной математике, а также лиц, самостоятельно изучающих высшую математику.
|
| 461 |
|
1 |
|0 (RuTPU)RU\TPU\book\321836
|t Справочное пособие по высшей математике
|o в 5 т.
|v Т. 5 : Дифференциальные уравнения в примерах и задачах. Ч. 1 : Дифференциальные уравнения первого порядка
|d 2011-2015
|s АнтиДемидович
|
| 606 |
1 |
|
|a Математика высшая
|2 stltpush
|3 (RuTPU)RU\TPU\subj\3986
|9 32308
|
| 606 |
1 |
|
|a Дифференциальные уравнения
|2 stltpush
|3 (RuTPU)RU\TPU\subj\9693
|9 36875
|
| 610 |
1 |
|
|a дифференциальные уравнения первого порядка
|
| 610 |
1 |
|
|a однородные уравнения
|
| 610 |
1 |
|
|a линейные уравнения
|
| 610 |
1 |
|
|a уравнения Эйлера-Риккати
|
| 610 |
1 |
|
|a задачи
|
| 610 |
1 |
|
|a справочные пособия
|
| 675 |
|
|
|a 51(03)
|v 4
|
| 675 |
|
|
|a 517.9(03)
|v 4
|
| 700 |
|
1 |
|a Боярчук
|b А. К.
|g Алексей Климентьевич
|
| 701 |
|
1 |
|a Головач
|b Г. П.
|g Григорий Петрович
|
| 801 |
|
1 |
|a RU
|b 63413507
|c 20150409
|
| 801 |
|
2 |
|a RU
|b 63413507
|c 20151123
|g RCR
|
| 942 |
|
|
|c BK
|